Statistics for Closest Capital City on Different Continent

Click here to take the quiz!

General Stats

  • This quiz has been taken 1,128 times
  • The average score is 125 of 196

Answer Stats

CAPITAL CITY CLOSEST CAPITAL ON ANOTHER CONTINENT % Correct
AshgabatMoscow
89%
AmmanCairo
88%
BamakoLisbon
87%
AthensAnkara
83%
BerlinTunis
79%
BogotaPanama
74%
BelmopanBogota
73%
AmsterdamAlgiers
71%
CairoJerusalem
69%
BasseterreCaracas
69%
LisbonRabat
67%
MajuroTokyo
64%
Addis AbabaSanaa
64%
VallettaTripoli
63%
AbujaValletta
62%
Abu DhabiDjibouti
55%
MelekeokManila
54%
OttawaReykjavik
51%
Guatemala CityQuito
50%
ApiaDili
50%
Port LouisMale
47%
MoscowTbilisi
44%
BridgetownGeorgetown
44%
AsuncionPort-of-Spain
41%
DohaAsmara
40%
AnkaraBucharest
40%
ColomboVictoria
34%
BakuChisinau
34%
Bandar Seri BegawanMelekeok
28%
AlgiersAndorra la Vella
27%
CaracasSaint George's
21%

Score Distribution

Percentile by Number Answered

Percent of People with Each Score

Your Score History

You have not taken this quiz